Sports Quiz

Random Sports Quiz

Name The Skaters Brand Quiz Stats

 Plays Quiz not verified by Sporcle

Score 0/20 Timer 10:00
0 Plays Today
Skater Brand % Correct
Paul RodriguezPlan B
100%
Ryan ShecklerPlan B
100%
Torey PudwillPlan B
100%
Danny WayPlan B
100%
Terry KennedyBaker
66.7%
Mike Mo CapaldiGirl
66.7%
Eric KostonGirl
66.7%
Rob DyrdekAlien Workshop
66.7%
Andrew ReynoldsBaker
66.7%
Cory KennedyGirl
66.7%
Skater Brand % Correct
Shaun WhiteBirdhouse
60%
Tony HawkBirdhouse
60%
Chris ColeZero
60%
Rodney MullenAlmost
53.3%
Lizard KingDeathwish
53.3%
Chaz OrtizZoo York
46.7%
Devine CallowayChocolate
46.7%
RedaNone HE SUCKS!!!!
20%
Chany JeangueninExpedition 1
20%
Ryan GallantExpedition 1
20%

You're not logged in!

Compare scores with friends on all Sporcle quizzes.
OR
Log In

Show Comments

Extras

Created Nov 26, 2010ReportNominate
Tags:brand, shoe, skater

Top Quizzes Today


Score Distribution

Your Account Isn't Verified!

In order to create a playlist on Sporcle, you need to verify the email address you used during registration. Go to your Sporcle Settings to finish the process.

Report this User

Report this user for behavior that violates our Community Guidelines.

Details: